Holiday Quiz

Random Holiday or Disney Quiz

Cartoon Characters By Kissing GIF Quiz Stats

 Plays Quiz Updated Feb 14, 2016

Score 0/20 Timer 12:00
0 Plays Today
% Correct
Genie and Aladdin (Aladdin)
98.8%
Batman and Catwoman
97.4%
Bugs Bunny and Michael Jordan (Space Jam)
97.3%
Homer Simpson and Hans Moleman (The Simpsons)
97.1%
Tom and Jerry
96.9%
Donald Duck and Daisy Duck
96.6%
Lady and the Tramp
96.4%
SpongeBob SquarePants and Krabby Patty
96.3%
Superman and Lois
96%
Mickey Mouse and Minnie Mouse
95.5%
% Correct
Gru and the Minions (Despicable Me)
95.4%
Mr. Potato Head (Toy Story)
92.4%
Popeye and Olive Oyl
92.3%
Mike Wazowski and Celia Mae (Monsters Inc)
89.3%
Pikachu and You
89%
Sally and (Not) Linus (Peanuts)
78.5%
Pepe Le Pew and Penelope Pussy Cat
73%
Kim Possible and Ron Stoppable
68.1%
Yakko, Wakko, and Hello Nurse (Animaniacs)
57.7%
Gambit and Rogue
38%

You're not logged in!

Compare scores with friends on all Sporcle quizzes.
Join for Free
OR
Log In

You Might Also Like...

Show Comments

Extras

Top Quizzes Today


Score Distribution

Your Account Isn't Verified!

In order to create a playlist on Sporcle, you need to verify the email address you used during registration. Go to your Sporcle Settings to finish the process.

Report this User

Report this user for behavior that violates our Community Guidelines.

Details: